| 000 | 00698cam a22002291 4500 | ||
|---|---|---|---|
| 001 | l 64000099 | ||
| 003 | DLC | ||
| 005 | 20260227111548.0 | ||
| 008 | 880621s1963 dcu b f000 0 eng | ||
| 010 | _al 64000099 | ||
| 035 | _a(OCoLC)18397391 | ||
| 040 |
_aDLC _cICU _dDLC |
||
| 042 | _apremarc | ||
| 050 | 0 | 0 |
_aHD6977 _b.U52 |
| 110 | 1 |
_aUnited States. _bBureau of Labor Statistics. _bAdvisory Committee on Standard Budget Research. |
|
| 245 | 0 | 0 | _aReport of the Advisory Committee on Standard Budget Research. |
| 260 |
_aWashington, _c1963. |
||
| 300 |
_a26 p. _c27 cm. |
||
| 500 | _aCover title. | ||
| 504 | _aBibliography: p. 18-26. | ||
| 650 | 0 |
_aCost and standard of living _xResearch. |
|
| 999 |
_c37167 _d37167 |
||